Brawl stars Brawlers - Statistics

General Stats
  • This quiz has been taken 14 times
  • The average score is 46 of 102
Answer Stats
Answer % Correct
Colt
100%
Shelly
100%
Brock
88%
Dynamike
88%
El Primo
88%
Poco
88%
Spike
88%
Carl
75%
Jessie
75%
Kaze
75%
Sirius
75%
Surge
75%
Tick
75%
Barley
63%
Bull
63%
Crow
63%
Frank
63%
Leon
63%
Nita
63%
Pam
63%
Rico
63%
Rosa
63%
R-T
63%
Squeak
63%
Bea
50%
Bibi
50%
Buzz
50%
Chester
50%
Colette
50%
Draco
50%
Edgar
50%
Emz
50%
Gale
50%
Gray
50%
Grom
50%
Gus
50%
Hank
50%
Juju
50%
Kenji
50%
Kit
50%
Lou
50%
Mico
50%
Mortis
50%
Najia
50%
Nani
50%
Pierce
50%
Piper
50%
Willow
50%
Ziggy
50%
Amber
38%
Belle
38%
Berry
38%
Bo
38%
Buzz Lightyear
38%
Byron
38%
Charlie
38%
Clancy
38%
Darryl
38%
Doug
38%
Eve
38%
Finx
38%
Gene
38%
Gigi
38%
Glowy
38%
Griff
38%
Jacky
38%
Larry and Lawrie
38%
Lily
38%
Lola
38%
Mandy
38%
Meg
38%
Mr.P
38%
Penny
38%
Sandy
38%
Shade
38%
Trunk
38%
8-Bit
25%
Alli
25%
Angelo
25%
Ash
25%
Bonnie
25%
Buster
25%
Chuck
25%
Cordelius
25%
Fang
25%
Lumi
25%
Maisie
25%
Max
25%
Meeple
25%
Melodie
25%
Moe
25%
Ollie
25%
Otis
25%
Pearl
25%
Sam
25%
Sprout
25%
Stu
25%
Tara
25%
Conel Ruffs
13%
Jae-Yong
13%
Janet
13%
Mina
13%
No matching quizzes found
Score Distribution
Percent of People with Each Score
Percentile by Number Answered
Your Score History
You have not taken this quiz